Les herétiques d'Italie / (Record no. 40063)

MARC details
000 -LEADER
campo de control de longitud fija 00965nam a2200229 i 4500
001 - NÚMERO DE CONTROL
campo de control 40063
003 - IDENTIFICADOR DE NÚMERO DE CONTROL
campo de control ES-MaACL
005 - FECHA Y HORA DE LA ÚLTIMA TRANSACCIÓN
campo de control 20251105063128.0
007 - CAMPO FIJO DE DESCRIPCIÓN FÍSICA--INFORMACIÓN GENERAL
campo de control de longitud fija t|
008 - DATOS DE LONGITUD FIJA--INFORMACIÓN GENERAL
campo de control de longitud fija 030305s1869 fr |||| | fre d
100 1# - ENTRADA PRINCIPAL--NOMBRE DE PERSONA
Nombre de persona Cantù, Cesare,
Fechas asociadas al nombre 1804-1895
9 (RLIN) 34697
245 14 - MENCIÓN DEL TÍTULO
Título Les herétiques d'Italie /
Mención de responsabilidad, etc. discours históriques de César Cantú ; traduit de l'italien par Anicet Digard et Edmond Martín.
260 ## - PUBLICACIÓN, DISTRIBUCIÓN, ETC.
Lugar de publicación, distribución, etc. Paris :
Nombre del editor, distribuidor, etc. [s.n.,
Fecha de publicación, distribución, etc. 1869] (
Fabricante Simon Raçon et Comp.)
300 ## - DESCRIPCIÓN FÍSICA
Extensión 5 v. ;
Dimensiones 22 cm.
505 8# - NOTA DE CONTENIDO CON FORMATO
Nota de contenido con formato Contiene: I ;
Título La reforme en Italie, les précurseurs - II ;
-- Le Concile de Trente - III ;
-- Les suites du Concile de Trente - IV ;
-- L'hérésie scientifique - V ;
-- L'hérésie dans la Révolution
650 #4 - PUNTO DE ACCESO ADICIONAL DE MATERIA--TÉRMINO DE MATERIA
Término de materia o nombre geográfico como elemento de entrada Herejías-
Subdivisión geográfica Italia-
Subdivisión de forma Historia.
9 (RLIN) 164957
650 07 - PUNTO DE ACCESO ADICIONAL DE MATERIA--TÉRMINO DE MATERIA
Término de materia o nombre geográfico como elemento de entrada Historia eclesiástica
Fuente del encabezamiento o término embne
9 (RLIN) 13400
700 1# - ENTRADA AGREGADA--NOMBRE PERSONAL
Nombre de persona Digard, Anicet.
9 (RLIN) 44794
700 1# - ENTRADA AGREGADA--NOMBRE PERSONAL
Nombre de persona Martín, Edmond.
9 (RLIN) 77286
852 ## - LOCALIZACIÓN
Ubicación ES-MaACL
Número de control de estantería F-12967-71
Holdings
Estatus retirado Estado de pérdida Estado de daño No para préstamo Colección Biblioteca de origen Biblioteca actual Ubicación en estantería Fecha de adquisición Fuente de adquisición Total de préstamos Signatura topográfica completa Código de barras Visto por última vez Precio de reemplazo Tipo de ítem Koha
        Libros del s. XIX Biblioteca del Ateneo de Madrid Biblioteca del Ateneo de Madrid Sala Pecera Planta 2 17/01/2008     F-12967-71 1042181 23/02/2023 23/02/2023 Libro impreso antiguo